| 000 | 00603cam a22002173a 4500 | ||
|---|---|---|---|
| 001 | 36005 | ||
| 003 | PGUSA | ||
| 005 | 20140828083756.0 | ||
| 008 | 110501s2011||||xxu|||||s|||||000 | eng d | ||
| 040 |
_aPGUSA _beng |
||
| 042 | _adc | ||
| 100 | 1 | _aHandford, Thomas W. | |
| 245 | 1 | 0 |
_aMy Treasure _h[electronic resource] / _cThomas W. Handford |
| 260 |
_bProject Gutenberg, _c2011 |
||
| 506 | _aPublic domain in the USA. | ||
| 516 | _aElectronic text | ||
| 700 | 1 |
_aGreenaway, Kate, _d1846-1901 |
|
| 830 | 0 |
_aProject Gutenberg _v36005 |
|
| 856 | 4 | 0 | _uhttp://www.gutenberg.org/ebooks/36005 |
| 942 | _cEB | ||
| 999 |
_c265260 _d265260 |
||